| 000 | 01642cam a2200361 a 4500 | ||
|---|---|---|---|
| 001 | 15107992 | ||
| 005 | 20080624100030.0 | ||
| 008 | 071210s2009 maua b 001 0 eng | ||
| 010 | _a 2007050423 | ||
| 015 |
_aGBA819497 _2bnb |
||
| 016 | 7 |
_a014524272 _2Uk |
|
| 020 | _a9780071263528 (pbk.) | ||
| 035 | _a(OCoLC)ocn183611152 | ||
| 040 |
_aDLC _cDLC _dBAKER _dC#P _dBWX _dBTCTA _dUKM _dDLC |
||
| 050 | 0 | 0 |
_aHD58.7 _b.G54 2009 |
| 082 | 0 | 0 |
_a658.4 _222 _bGIB |
| 100 | 1 |
_aGibson, James L. _d1935- _q(James Lawrence), _93362 |
|
| 245 | 0 | 0 |
_aOrganizations : _bBehavior, structure, processes / _cJames L. Gibson ... [et al.]. |
| 250 |
_a13th ed. _bMcGraw- Hill international edition. |
||
| 260 |
_aBoston : _bMcGraw-Hill Irwin, _cc2009. |
||
| 300 |
_axix, 604 p. : _bill. ; _c26 cm. |
||
| 504 | _aIncludes bibliographical references and indexes. | ||
| 650 | 0 |
_aOrganization. _93363 |
|
| 650 | 0 |
_aOrganizational behavior. _93364 |
|
| 650 | 0 |
_aLeadership. _93365 |
|
| 650 | 0 |
_aOrganizational effectiveness. _93366 |
|
| 856 | 4 | 2 |
_3Contributor biographical information _uhttp://www.loc.gov/catdir/enhancements/fy0810/2007050423-b.html |
| 856 | 4 | 2 |
_3Publisher description _uhttp://www.loc.gov/catdir/enhancements/fy0810/2007050423-d.html |
| 856 | 4 | 1 |
_3Table of contents only _uhttp://www.loc.gov/catdir/enhancements/fy0810/2007050423-t.html |
| 942 |
_2ddc _cBB |
||
| 999 |
_c11231 _d11231 |
||